MARC details
| 000 -CABECERA |
| campo de control de longitud fija |
01143cam a2200265 a 4500 |
| 001 - NÚMERO DE CONTROL |
| campo de control |
000005949 |
| 005 - FECHA Y HORA DE LA ÚLTIMA TRANSACCIÓN |
| campo de control |
20200929151845.0 |
| 008 - DATOS DE LONGITUD FIJA--INFORMACIÓN GENERAL |
| campo de control de longitud fija |
890831s1980 sp 001 p spa |
| 020 ## - NÚMERO INTERNACIONAL ESTÁNDAR DEL LIBRO |
| Número Internacional Estándar del Libro |
8400045629 |
| 040 ## - FUENTE DE LA CATALOGACIÓN |
| Centro catalogador/agencia de origen |
DO-SdBNP |
| Lengua de catalogación |
spa |
| Centro/agencia transcriptor |
BNPHU |
| 082 ## - NÚMERO DE LA CLASIFICACIÓN DECIMAL DEWEY |
| Número de clasificación |
861.6 |
| Número de documento/Ítem |
M798c |
| 100 1# - ENTRADA PRINCIPAL--NOMBRE DE PERSONA |
| Nombre de persona |
Montón Puerto, Pedro, |
| Fechas asociadas al nombre |
1925-1992 |
| 9 (RLIN) |
16754 |
| 245 10 - MENCIÓN DE TÍTULO |
| Título |
Casi toda una vida y parte de la muerte : |
| Resto del título |
antología / |
| Mención de responsabilidad, etc. |
Pedro Montón Puerto ; prólogo, José Galindo Anton. |
| 260 ## - PUBLICACIÓN, DISTRIBUCIÓN, ETC. |
| Lugar de publicación, distribución, etc. |
Zaragoza, España : |
| Nombre del editor, distribuidor, etc. |
Centro de Estudios Bilbilitanos : |
| -- |
Institución "Fernando el Católico", |
| Fecha de publicación, distribución, etc. |
[198?]. |
| 300 ## - DESCRIPCIÓN FÍSICA |
| Extensión |
78 p. ; |
| Dimensiones |
25 cm. |
| 490 1# - MENCIÓN DE SERIE |
| Mención de serie |
"San Jorge" |
| Designación de volumen o secuencia |
21 |
| 490 1# - MENCIÓN DE SERIE |
| Mención de serie |
Publicación del Centro de Estudios Bilbilitanos |
| Designación de volumen o secuencia |
2 |
| 490 1# - MENCIÓN DE SERIE |
| Mención de serie |
Publicación de la Institución "Fernando el Católico" |
| Designación de volumen o secuencia |
743 |
| 500 ## - NOTA GENERAL |
| Nota general |
Incluye datos biográficos del autor en la solapa de la cubierta |
| 650 #4 - PUNTO DE ACCESO ADICIONAL DE MATERIA--TÉRMINO DE MATERIA |
| Término de materia o nombre geográfico como elemento de entrada |
Poesía española |
| 9 (RLIN) |
631 |
| 650 #4 - PUNTO DE ACCESO ADICIONAL DE MATERIA--TÉRMINO DE MATERIA |
| Término de materia o nombre geográfico como elemento de entrada |
Literatura española |
| Subdivisión cronológica |
SIGLO XXI |
| 9 (RLIN) |
4846 |
| 830 #0 - PUNTO DE ACCESO ADICIONAL DE SERIE-TÍTULO UNIFORME |
| Título uniforme |
"San Jorge" ; |
| Número de parte o sección de la obra |
21. |
| 9 (RLIN) |
16755 |
| 830 #0 - PUNTO DE ACCESO ADICIONAL DE SERIE-TÍTULO UNIFORME |
| Título uniforme |
Publicación del Centro de Estudios Bilbilitanos ; |
| Número de parte o sección de la obra |
2. |
| 9 (RLIN) |
16756 |
| 830 #0 - PUNTO DE ACCESO ADICIONAL DE SERIE-TÍTULO UNIFORME |
| Título uniforme |
Publicación de la Institución "Fernando el Católico" ; |
| Designación de volumen o secuencia |
743. |
| 9 (RLIN) |
13716 |